| 000 | 01217nam0a22002651 4500 | ||
|---|---|---|---|
| 001 | rc\2600923 | ||
| 005 | 20230426094410.0 | ||
| 035 | _a(NLR Aleph) 006765000 | ||
| 090 |
_a5884245 _c5884245 |
||
| 100 | _a20110914d1930 |||y0rusy50 ca | ||
| 101 | 0 | _arus | |
| 102 | _aRU | ||
| 105 | _aa z ||||| | ||
| 200 | 1 |
_aЗащитные заземления подземных электроустановок _fИнж. Р. М. Лейбов _gПод ред. и с предисл. пред. Совета глав. горно-техн. инспектора НКТ СССР В. Л. Биленко |
|
| 210 |
_aМосква _cГострудиздат _d1930 _eНижний Новгород _gтип. "Нижполиграф" |
||
| 215 |
_a50 с. _cчерт., граф. _d21х15 см. |
||
| 225 | 1 |
_aСерия докладов _fНКТ СССР. Отд. охраны труда. Междуведомств. сов. по охране труда горнорабочих _vВып. 2 |
|
| 700 | 1 |
_aЛейбов _bР. М. _gРувим Моисеевич |
|
| 702 | 1 |
_aБиленко _bВ. Л. _4340 |
|
| 801 | 0 |
_aRU _bNLR _gpsbo |
|
| 801 | 1 |
_aRU _bELAR _2rusmarc |
|
| 852 |
_aNLR _j30-17/170-2 |
||
| 942 | _cBOOK | ||
| 980 | _aNB | ||